| 000 | 01618nam a2200277 a 4500 | ||
|---|---|---|---|
| 001 | 75467 | ||
| 003 | BD-RjUL | ||
| 005 | 20211209082709.0 | ||
| 008 | 190411s2017 bg a|||| m||b 00| 0 ben d | ||
| 035 | _a(BD-RjUL)75685 | ||
| 040 |
_aBD-RjUL _beng/ben _cBD-RjUL _dBD-RjUL |
||
| 041 | _aben | ||
| 082 |
_223 _a370.92 _bBAM 2017 |
||
| 100 | 1 |
_aবারী, মো. আব্দুল _9230468 |
|
| 245 | 1 | 0 |
_aমাওলানা আবুল কালাম আযাদের রাজনৈতিক দর্শন ও শিক্ষাসংস্কার / _cমো. আব্দুল বারী, _6গবেষণা তত্ত্বাবধায়ক: মো. শামীম খান |
| 260 |
_aরাজশাহী: _bভাষা বিভাগ, রা. বি. , _c২০১৭ |
||
| 300 |
_axi, ৪৪০ পাতা : _bচিত্র ; _c৩০ সেমি. |
||
| 502 | _aথিথিস (পিএইচ. ডি.) -- ইতিহাস বিভাগ, রা. বি. , ২০১৭ | ||
| 504 | _aগ্রন্থপঞ্জি: পাতা ২৫৫-২৬৫ | ||
| 600 |
_a আযাদ, মাওলানা আবুল কালাম, _d--১৮৮৮-১৯৫৮ _xজীবনী _9244476 |
||
| 600 |
_aAzad, Mawlana Abul Kalam, _d--1888-1958 _xBiography _9244477 |
||
| 651 |
_aভারত _vরাজনীতি ও সরকার _y১৯১৯-১৯৪৭ _9230474 |
||
| 651 |
_aIndia _vPolitics and Government _y1919-1947 _9230475 |
||
| 700 |
_aখান, মো. শামীম, গবেষণা তত্ত্বাবধায়ক _9230469 |
||
| 942 |
_2ddc _cTHE |
||
| 999 |
_c75467 _d75467 |
||